| 000 | 00772nam a2200229 a 4500 | ||
|---|---|---|---|
| 999 |
_c908 _d908 |
||
| 001 | 947 | ||
| 003 | BD-DhUAP | ||
| 005 | 20200129095345.0 | ||
| 008 | 200129s1997 bg a b 000 0 eng d | ||
| 020 | _a984051385X | ||
| 040 |
_aDLC _cBD-DhUAP _bEng _dBD-DhUAP |
||
| 082 | 0 | 0 |
_a338.95492 GRO _223 |
| 245 | 0 | 0 |
_aGrowth or stagnation? : _ba review of Bangladesh's development, 1996. |
| 260 |
_aDhaka : _bCentre for Policy Dialogue : _bUniversity Press Ltd., _cc1997. |
||
| 300 |
_axxxvii, 517 pages : _billustrations ; _c25 cm. |
||
| 504 | _aIncludes bibliographical references. | ||
| 650 | 0 |
_aRural poor _zBangladesh. |
|
| 651 | 0 |
_aBangladesh _xEconomic policy. |
|
| 651 | 0 |
_aBangladesh _xEconomic conditions. |
|
| 942 |
_2ddc _cBK |
||